| 000 | 00415cam a2200157 a 4500 | ||
|---|---|---|---|
| 001 | 000002365 | ||
| 005 | 20200929150205.0 | ||
| 008 | 830420s1961 enk 000 1 eng d | ||
| 040 |
_aDO-SdBNP _bspa _cBNPHU |
||
| 082 |
_axx _bR328r |
||
| 100 | 1 |
_aRees, Jean A. _97522 |
|
| 245 | 1 | 0 | _aRoad to Sodom. |
| 260 |
_aLondon : _bPeter Davies, _c1961. |
||
| 300 |
_a318 p. ; _c21 cm. |
||
| 500 | _aIncluye índice bibliográfico. | ||
| 999 |
_c2207 _d2207 |
||